000 00283nam a22001337a 4500
008 170418b xxu||||| |||| 00| 0 eng d
020 _a9780697234803
041 _aeng
080 _a573
100 _a11
101 _aSHM
245 _aMARINE BIOLOGY
_cCASTRO, P
942 _2udc
_cBK
999 _c11053
_d11053